Normal view
MARC view
- اللغة العربية-علوم اللغة-اللغة العربية-الفاظ
Entry Topical Term
001 - CONTROL NUMBER
- control field: 59425
003 - CONTROL NUMBER IDENTIFIER
- control field: JO-AjAnu
005 - DATE AND TIME OF LATEST TRANSACTION
- control field: 20230606083722.0
008 - FIXED-LENGTH DATA ELEMENTS
- fixed length control field: 230606|| aca||aabn | a|a d
040 ## - CATALOGING SOURCE
- Original cataloging agency: JO-AjAnu
- Transcribing agency: JO-AjAnu
150 ## - HEADING--TOPICAL TERM
- Topical term or geographic name entry element: اللغة العربية-علوم اللغة-اللغة العربية-الفاظ
670 ## - SOURCE DATA FOUND
- Source citation: Work cat.: (JO-AjAnu)30308: تاليف شرف، محمد جلال أبو الفتوح, author 59424, جلال الدين السيوطي: منهجه وآراؤه الكلامية